Movies Quiz

Random Movies or Actor Quiz

Men with Their Oscars Quiz Stats

Quiz Updated Jan 12, 2016

Challenge
Share
Tweet
Score 0/35 Timer 06:00
0 Plays Today
Oscar Winner % Correct
Morgan Freeman
93.8%
Tom Hanks
93.4%
Clint Eastwood
92.4%
Denzel Washington
92.3%
Jack Nicholson
90%
Sean Penn
88.3%
Steven Spielberg
86%
Dustin Hoffman
85%
Sean Connery
84.4%
Anthony Hopkins
82.9%
Jamie Foxx
79.9%
Ron Howard
77%
Cuba Gooding Jr.
74.2%
Joe Pesci
72.2%
Gene Hackman
68.9%
Sidney Poitier
68.3%
Forest Whitaker
68.2%
Marlon Brando
66.6%
Oscar Winner % Correct
Clark Gable
65.8%
Daniel Day-Lewis
65.2%
Adrien Brody
64.9%
Humphrey Bogart
58.7%
Paul Newman
57.9%
George Burns
51.4%
Robert De Niro
46.4%
Yul Brynner
45.6%
Gregory Peck
41.3%
Christopher Plummer
41.1%
Lou Gossett Jr.
34.3%
Roberto Benigni
28.6%
Spencer Tracy
24.2%
Charlton Heston
24%
John Williams
22.1%
Timothy Hutton
20.2%
Jack Albertson
4.9%

You're not logged in!

Compare scores with friends on all Sporcle quizzes.
Sign Up with Email
OR
Log In

You Might Also Like...

Show Comments

Extras

Top Quizzes Today


Score Distribution

Your Account Isn't Verified!

In order to create a playlist on Sporcle, you need to verify the email address you used during registration. Go to your Sporcle Settings to finish the process.